000
00269nam a22001097a 4500
008
170125b xxu||||| |||| 00| 0 eng d
020
_a
9781582550053
041
_a
eng
080
_a
618.2
245
_a
PHYSICIAN ASSISTANT'S CLINICAL COMPANION
_c
DIXON, D
942
_2
udc
_c
BK
999
_c
3633
_d
3633